यमराज की पहाड़ी तथा अन्य रचनाएॅं, अनु0 कुलभूषण हस्ती (Record no. 1014418)

MARC details
000 -LEADER
fixed length control field 01175nam a2200265Ia 4500
003 - CONTROL NUMBER IDENTIFIER
control field OSt
005 - DATE AND TIME OF LATEST TRANSACTION
control field 20221005105008.0
008 - FIXED-LENGTH DATA ELEMENTS--GENERAL INFORMATION
fixed length control field 221004b |||||||| |||| 00| 0 urd d
020 ## - INTERNATIONAL STANDARD BOOK NUMBER
International Standard Book Number 97185999623 (hbk)
037 ## - SOURCE OF ACQUISITION
Terms of availability Textual
040 ## - CATALOGING SOURCE
Original cataloging agency CRL
Transcribing agency CRL
Language of cataloging urd
041 ## - LANGUAGE CODE
Source of code urd
Language code of text/sound track or separate title urd
100 ## - MAIN ENTRY--PERSONAL NAME
Personal name स्वदेश कुमार, हस्ती
245 #0 - TITLE STATEMENT
Title यमराज की पहाड़ी तथा अन्य रचनाएॅं, अनु0 कुलभूषण हस्ती
246 ## - VARYING FORM OF TITLE
Title proper/short title Yamarāj kī pahāड़ī tathā anya rachanāeॅan, anu kulabhūṣhaṇ hastī
260 ## - PUBLICATION, DISTRIBUTION, ETC.
Place of publication, distribution, etc. दिल्ली
Name of publisher, distributor, etc. स्वराज प्रकाशन भारत
Date of publication, distribution, etc. 2008
300 ## - PHYSICAL DESCRIPTION
Extent 87पृ0
Dimensions cm.
700 ## - ADDED ENTRY--PERSONAL NAME
Personal name कुलभूषण, हस्ती, संपा.
942 ## - ADDED ENTRY ELEMENTS (KOHA)
Classification part O168,3N07x, 152P8
Koha item type Textual
Source of classification or shelving scheme
Holdings
Withdrawn status Lost status Damaged status Not for loan Home library Current library Date acquired Source of acquisition Cost, normal purchase price Total Checkouts Full call number Barcode Date last seen Cost, replacement price Price effective from Koha item type
        Central Library Central Library 2022-10-05 427, 24/03/2009, Swaraj Prakashan 150.00   O168,3N07x 152P8 CL1449776 2022-10-05 150.00 2022-10-05 Textual
Copyright @ Delhi University Library System